000 00810nam a2200241 i 4500
001 75874
003 ES-MaACL
005 20250831121908.0
007 t|
008 040928s1972 sp ||||1| spa d
080 _a938
100 1 _aGrimberg, Carl.
_960053
245 1 0 _aGrecia :
_bde la cultura minoica a la Italia prerromana /
_cCarl Grimberg ; [revisión y adaptación, bajo la dirección de M. Tamayo].
250 _a1ª ed.
260 _aMadrid :
_bDaimon,
_c1972.
300 _a380 p., [16] h. de lám. col. y n. :
_bil. mapas ;
_c18 cm.
490 1 _aHistoria universal Daimon ;
_v2
651 4 _aGrecia-
_xHistoria.
_98777
700 1 _aTamayo, Manuel,
_d1917-1977
_9160966
830 1 _aHistoria universal Daimon ;
_v2
_9231268
852 _aES-MaACL
_jC-50025
999 _c75874
_d75874